000 00433nam a2200157Ia 4500
008 250916s9999 xx 000 0 und d
020 _a978-3-031-11991-0
082 _a004.3305 KOP
100 _aKopetz, Hermann
245 0 _aReal time systems:
_bdesign principles for distributed embedded applications
250 _a3rd
260 _aNew York:
_bSpringer,
_c2022
300 _a406 p.
600 _aComputer Science
942 _cBK
999 _c31592
_d31592